La structure du comportement /

Hlavní autor: Merleau-Ponty, Maurice, 1908-1961
Jazyk: Francouzština
Vydáno: Paris : Presses Universitaires de France, 1972
Edice: Bibliothèque de philosophie contemporaine
Fyzický popis: 15, 248 s.
Knihy
Uloženo v:
LEADER 00854nam a22002292a 4500
001 001265682
003 CZ BrMZK
005 20121116140610.0
007 ta
008 121116s1972 fr er|||||||||||fre d
040 |a BOA001  |b cze 
100 1 |a Merleau-Ponty, Maurice,  |d 1908-1961  |7 jn19990005619  |4 aut 
245 1 3 |a La structure du comportement /  |c Maurice Merleau-Ponty ; précéde de "Une philosophie de l'ambiguité" par Alphonse de Waelhens 
260 |a Paris :  |b Presses Universitaires de France,  |c 1972 
300 |a 15, 248 s. 
490 1 |a Bibliothèque de philosophie contemporaine 
504 |a Obsahuje bibliografii 
830 0 |a Bibliothèque de philosophie contemporaine 
910 |a BOA001  |b 2-0704.332 
990 |a BK 
991 |b 201211 
996 7 |b 2619663283  |c 2-0704.332  |l Sklad H1  |r Sklad / do 24 hodin  |n 0  |h HS212  |w 001299896  |u 000010  |a 1  |e BOA001  |j MZK50  |s A